03172nam a2200541Ia 45000010005000000080041000050100009000460410014000550820020000692450182000892600013002713000007002845200007002916300029002986300025003276300023003526500030003756900014004057000026004197000038004457000036004839010083005199020006006029030034006089040018006429050025006609060006006859070014006919080014007059090051007199100015007709110010007859120014007959130009008099140029008189150009008479160009008569170009008659180014008749190024008885201659009129210007025719220007025789230006025859240014025919420010026059990015026151722241029s9999 xx 000 0 und d a1609 aEspañol aMA-ES 0012 2006 0aNivel de Aplicación de los Programas de las Universidades e Instituciones Estatales, con Relación a la Prevención del Deterioro de los Recursos Naturales de Santiago, 2005 aSantiago a92 a12 aInstituciones Educativas aPrograma de Estudios aRecursos Naturales aCiencias de la Naturaleza aElaborado easesora Díaz, Luis eautora Espinal Collado, Ana M.  eautoraRodríguez, Luz María a{"1":" Espinal Collado","2":"Rodríguez"}b{"1":" Ana M. ","2":"Luz María"} a1 a{"1":" Díaz"}b{"1":"Luis"} aMagíster en aEducación Superior a2 aNO APLICA aNO APLICA aUniversidad Autónoma de Santo Domingo (UASD) aNULLbNULL a["1"] aNO APLICA aNULL a01 de Septiembre de 2006 aNULL aNULL aNULL aNO APLICA a["121","168","266"] aEl objetivo principal de la presente investigación consiste, en determinar el Nivel de Aplicación de los Programas de la Universidades y las Instituciones Estatales, en la prevención del deterioro de los Recursos Naturales de Santiago, la misma busca sentar las bases para una eficaz presencia de las Instituciones de Educación Superior, en la solución de los problemas ambientales que más afectan a la Ciudad de Santiago.La población de estudios incluyó seis universidades del Municipio de Santiago, así como seis instituciones estatales que trabajan con los Recursos Naturales en Santiago. Se hizo un estudio de campo, en el que se aplicaron instrumentos como cuestionarios y entrevistas a los encargados de los departamentos de las instituciones señaladas, también se utilizo la revisión de bibliográfica, documental, análisis de texto, confección de esquemas, cuadros estadísticos y gráficos.La investigación realizada reveló que el principal problema que afecta a la Ciudad de Santiago, es el Vertedero de Rafey, para el cual se sugiere que las Universidades lo asuman y lo trabajen como un proyecto de intervención con fines de buscarle solución. Las instituciones estatales tienen actividades planificadas en un tiempo determinado y con un presupuesto para ello.Mientras que las Instituciones de Educación Superior, solo realizan actividades durante su periodo de clase y no poseen presupuesto asignado para su ejecución.Se sugiere que las universidades en coordinación con las Instituciones Estatales, elaboren proyectos orientados a darle solución a los problemas medio ambientes de la región. a16 a16 a0 aNO APLICA cTesis c1609d1609